Hazardous waste management action plan published (Record no. 73998)

MARC details
000 -LEADER
fixed length control field 01304cam a2200217 4500
001 - CONTROL NUMBER
control field WB4001-37
008 - FIXED-LENGTH DATA ELEMENTS--GENERAL INFORMATION
fixed length control field 031223n2003 000 0 eng u
035 ## - SYSTEM CONTROL NUMBER
System control number (Sirsi) u124685
245 ## - TITLE STATEMENT
Title Hazardous waste management action plan published
260 ## - PUBLICATION, DISTRIBUTION, ETC.
Date of publication, distribution, etc. 2003
490 ## - SERIES STATEMENT
Series statement DEFRA News Release
Volume/sequential designation (537/03) 19 December 2003 (2)
520 ## - SUMMARY, ETC.
Summary, etc. The government's Hazardous Waste Forum has published an action plan that sets out key issues and actions that must be carried out to ensure the continued environmentally sound management of hazardous waste. It recommends clear, firm and fair enforcement of regulatory and legislative requirements, greater business awareness of waste minimisation and hazardous waste management issues, better information on the capacity requirements for treatment and disposal of hazardous waste and building on Waste Strategy 2000 to develop policy instruments and better data. The action plan is available at http://www.defra.gov.uk/environment/waste/hazforum/index.htm. http://www.defra.gov.uk/news/2003/031219b.htm
590 ## - LOCAL NOTE (RLIN)
Local note WB
650 ## - SUBJECT ADDED ENTRY--TOPICAL TERM
Topical term or geographic name entry element HAZARDOUS WASTE
650 ## - SUBJECT ADDED ENTRY--TOPICAL TERM
Topical term or geographic name entry element HAZARDOUS WASTE FORUM
650 ## - SUBJECT ADDED ENTRY--TOPICAL TERM
Topical term or geographic name entry element WASTE MINIMISATION
650 ## - SUBJECT ADDED ENTRY--TOPICAL TERM
Topical term or geographic name entry element LANDFILL
650 ## - SUBJECT ADDED ENTRY--TOPICAL TERM
Topical term or geographic name entry element WASTE STRATEGY 2000
690 ## - LOCAL SUBJECT ADDED ENTRY--TOPICAL TERM (OCLC, RLIN)
Topical term or geographic name as entry element ENVIRONMENTAL AND LAND CONSULTANCY-WASTE MANAGEMENT
942 ## - ADDED ENTRY ELEMENTS (KOHA)
Suppress in OPAC 0
Holdings
Withdrawn status Lost status Source of classification or shelving scheme Damaged status Not for loan Home library Current library Shelving location Date acquired Total Checkouts Full call number Barcode Date last seen Copy number Price effective from Koha item type
    Dewey Decimal Classification     London London News article 23/12/2003   WB4001-37 124685-1001 06/08/2019 1 06/08/2019 News article